Video Games By Clue - Statistics

General Stats
  • This quiz has been taken 5,293 times
  • The average score is 10 of 15
Answer Stats
Hint Answer % Correct
Anima Cruelty, Ash, Catch them All Pokemon
90%
Third Person, Angry Protagonist, Greek Gods, PS3 God of War
88%
Same Game Every Year, Shooting, Game of many Acronyms Call of Duty
87%
Wild West, Rockstar, John Red Dead Redemption
87%
Dragons, FUS RO DAH, Arrow to the Knee Elder Scrolls Skyrim
83%
Vault 101, Three Dog, Geck Fallout 3
71%
Joel, Clickers, Ellen Page The Last of Us
69%
Splicers, Would You Kindly, Rapture Bioshock
63%
Bad Ending, Space, Fem Shep, Sci Fi Mass Effect
63%
Trevor, Sticky Bombs, Explosions Grand Theft Auto V
60%
Pretty Cars, Xbox, Graphics out the Ying Yang Forza Motorsport
54%
Loot, Handsome Villain, Tina Borderlands
51%
BOOMSHACKALAKA, He's on Fire, Razzle Dazzle NBA Jam
38%
Cole Phelps, Black Dahlia, Vice L.A Noire
29%
Rome, Quick Time Events, Marius Ryse Son of Rome
29%
No matching quizzes found
Score Distribution
Percent of People with Each Score
Percentile by Number Answered
Your Score History
You have not taken this quiz